[Event "6th Llucmajor Open 2017"]
[Site "Llucmajor ESP"]
[Date "2017.05.16"]
[Round "4.8"]
[White "Naumkin,I"]
[Black "Postny,E"]
[Result "0-1"]
[WhiteElo "2414"]
[BlackElo "2588"]

1.d4 d5 2.c4 dxc4 3.Nf3 Nf6 4.e3 b5 5.a4 b4 6.Bxc4 e6 7.O-O Bb7 8.Nbd2 Be7
9.b3 O-O 10.Bb2 Nbd7 11.Qe2 c5 12.dxc5 Nxc5 13.Rfd1 Nd5 14.Rac1 Rc8 15.Ne5 Bf6
16.Ndf3 Be7 17.Nd2 Bf6 18.Qg4 Nc3 19.Bxc3 bxc3 20.Ne4 Bxe4 21.Rxd8 Rfxd8
22.Nxf7 Kxf7 23.b4 h5 24.Qxh5+ g6 25.Qh7+ Bg7 26.Qh4 c2 27.Qg4 Bf5 28.Qf3 Nd7
29.Bxe6+ Kxe6 30.e4 Ne5 31.exf5+ gxf5 32.Qb3+ Ke7 33.f4 Rd3 {#R} 0-1

[Event "6th Llucmajor Open 2017"]
[Site "Llucmajor ESP"]
[Date "2017.05.16"]
[Round "4.9"]
[White "Brunello,S"]
[Black "Panelo,M"]
[Result "1-0"]
[WhiteElo "2565"]
[BlackElo "2383"]

1.d4 Nf6 2.c4 e6 3.Nf3 d5 4.Bg5 Be7 5.Nc3 O-O 6.e3 h6 7.Bxf6 Bxf6 8.Qc2 c5
9.dxc5 Qa5 10.cxd5 exd5 11.O-O-O Be6 12.Nxd5 Bxd5 13.Rxd5 Qxa2 14.Bc4 Bxb2+
15.Kd1 Qa1+ 16.Ke2 Qxh1 17.Qxb2 Qxg2 18.Rd1 Qg4 19.Qc3 Qf5 20.Rg1 g6 21.Bd3
Qh5 22.Qb3 Kh8 23.Qxb7 Nd7 24.Qxd7 Qxc5 25.Qh3 Kg7 26.Nd4 h5 27.Rxg6+ {#r} 1-0

[Event "6th Llucmajor Open 2017"]
[Site "Llucmajor ESP"]
[Date "2017.05.16"]
[Round "4.10"]
[White "Arizmendi Martinez,J"]
[Black "Houska,Jo"]
[Result "1-0"]
[WhiteElo "2500"]
[BlackElo "2377"]

1.e4 c6 2.d4 d5 3.Nd2 dxe4 4.Nxe4 Bf5 5.Ng3 Bg6 6.Nh3 e6 7.Nf4 Bd6 8.h4 Qc7
9.Nxg6 hxg6 10.Ne4 Bf4 11.Bxf4 Qxf4 12.Ng5 Nf6 13.g3 Qd6 14.c3 Qd5 15.Rg1 Nbd7
16.Bg2 Qa5 17.Qb3 O-O 18.O-O-O Rac8 19.Kb1 b5 20.Bh3 c5 21.Rge1 cxd4 22.cxd4
Qa4 23.Qxa4 bxa4 24.d5 e5 25.Nf3 Rc5 26.Bxd7 Nxd7 27.Nxe5 Nxe5 28.Rxe5 a3
29.Re7 axb2 30.d6 Rd8 31.Rxa7 Rc1+ 32.Rxc1 bxc1=Q+ 33.Kxc1 Rxd6 34.Rc7 Ra6
35.Rc8+ Kh7 36.Rc2 Kh6 37.Kb2 Ra8 38.Rc4 Rb8+ 39.Kc3 Rb1 40.a4 g5 41.hxg5+
Kxg5 42.a5 Ra1 43.Kb4 Ra2 44.Rf4 f5 45.Kb5 Rb2+ 46.Kc5 Rc2+ 47.Kb6 Rb2+ 48.Kc6
Ra2 49.Kb5 Rb2+ 50.Rb4 Rxf2 51.a6 Ra2 52.Kb6 Kf6 53.a7 g5 54.Rb5 {#r} 1-0

[Event "6th Llucmajor Open 2017"]
[Site "Llucmajor ESP"]
[Date "2017.05.16"]
[Round "4.12"]
[White "Ubilava,E"]
[Black "Mierins,Eriks"]
[Result "0-1"]
[WhiteElo "2491"]
[BlackElo "2136"]

1.c4 c6 2.Nf3 Nf6 3.Nc3 d5 4.e3 e6 5.Qc2 Bd6 6.d4 Nbd7 7.Be2 O-O 8.O-O dxc4
9.Bxc4 e5 10.h3 exd4 11.exd4 Nb6 12.Bb3 h6 13.Bxh6 gxh6 14.Qg6+ Kh8 15.Qxh6+
Nh7 16.Ne4 Be7 17.Bc2 Bf5 18.Rfe1 Nd5 19.Ne5 Nb4 20.Bb3 Nd5 21.Ng3 Bg5 22.Qh5
Bg6 23.Nxg6+ fxg6 24.Qxg6 Nf4 25.Qe4 Nf6 26.Qe5 Bh6 27.Nf5 Nd3 28.Qg3 Nxe1
29.Qg6 Nf3+ 30.Kh1 Ng4 31.Qxg4 Qf6 32.Qh5 Qxf5 33.Qxh6+ Qh7 34.Qxh7+ Kxh7
35.gxf3 Rxf3 36.Kg2 Raf8 37.Rf1 R3f4 38.d5 Rg8+ 39.Kh2 c5 40.f3 Rd4 41.Rf2 Kh6
42.Re2 c4 43.Bc2 Rxd5 44.Be4 Rd7 45.Bf5 Rd6 46.h4 Kg7 47.h5 Kf6 48.Bg6 Rgd8
49.Kg3 b5 50.Re4 Rd4 51.Re3 a5 52.b3 Rc8 53.bxc4 bxc4 54.Rc3 Kg5 55.Bf7 Rc5
56.Bg6 Rc7 57.Be4 Kxh5 58.Kf4 Rd2 59.Rc1 Rh2 60.Ke5 c3 61.Rc2 Re7+ {#R} 0-1

[Event "6th Llucmajor Open 2017"]
[Site "Llucmajor ESP"]
[Date "2017.05.16"]
[Round "4.14"]
[White "Perez Garcia,Alejandro"]
[Black "Zagorskis,D"]
[Result "0-1"]
[WhiteElo "2376"]
[BlackElo "2440"]

1.Nf3 Nf6 2.c4 c5 3.Nc3 d5 4.cxd5 Nxd5 5.e3 Nxc3 6.bxc3 g6 7.d4 Bg7 8.Be2 O-O
9.O-O Qc7 10.Ba3 Nd7 11.Qb3 b6 12.Rad1 e6 13.c4 Rd8 14.d5 Nf6 15.Bb2 exd5
16.cxd5 Ne4 17.Bxg7 Kxg7 18.Qb2+ f6 19.Bd3 Qe7 20.Qc2 Nd6 21.Nh4 f5 22.Nf3 Bb7
23.Be2 Qf6 24.h4 h6 25.h5 gxh5 26.g3 Rac8 27.Qa4 a6 28.Qf4 Re8 29.Nh4 Re5
30.Bxh5 c4 31.Ng6 Re4 32.Qf3 c3 33.Nf4 c2 34.Rc1 Rec4 35.Be8 Rxf4 36.Qxf4 Nxe8
37.e4 fxe4 38.Qxe4 Nd6 39.Qg4+ Kh8 40.Rfe1 Bxd5 41.Re3 Rf8 42.Qe2 Be4 43.Rxe4
Nxe4 44.Qxe4 Qxf2+ 45.Kh1 Qf1+ 46.Rxf1 Rxf1+ 47.Kg2 c1=Q 48.Qd4+ Kg8 49.Qd8+
Rf8 50.Qd5+ Rf7 51.Qd8+ Kg7 52.Qd4+ Rf6 53.Qd7+ Kg6 54.Qd3+ Rf5 55.Qd6+ Kh5
56.g4+ Kxg4 57.Qg6+ Qg5 58.Qd6 Kh4+ {#R} 0-1

[Event "6th Llucmajor Open 2017"]
[Site "Llucmajor ESP"]
[Date "2017.05.16"]
[Round "4.15"]
[White "Romanov,E"]
[Black "Ni,V"]
[Result "1-0"]
[WhiteElo "2636"]
[BlackElo "2195"]

1.Nf3 Nf6 2.d4 g6 3.Nc3 d5 4.Bf4 c6 5.h3 Bg7 6.e3 O-O 7.Bd3 c5 8.O-O Nc6
9.dxc5 Qa5 10.Nb5 Ne8 11.Nfd4 e5 12.Nb3 Qd8 13.Bg3 Be6 14.c3 f5 15.f4 a6
16.Na3 d4 17.cxd4 exd4 18.exd4 Nxd4 19.Bc4 Nc7 20.Bf2 Nc6 21.Re1 Re8 22.Qc2
Qf6 23.Re2 Bxc4 24.Nxc4 Rxe2 25.Qxe2 Ne6 26.Nd6 Kh8 27.Qc4 Ncd8 28.Re1 Rb8
29.Nd4 Nf8 30.Re8 {#r} 1-0

[Event "6th Llucmajor Open 2017"]
[Site "Llucmajor ESP"]
[Date "2017.05.16"]
[Round "4.16"]
[White "Forcen Esteban,D"]
[Black "Hall,Joh"]
[Result "1-0"]
[WhiteElo "2545"]
[BlackElo "2176"]

1.d4 Nf6 2.Nf3 c5 3.d5 g6 4.Nc3 Bg7 5.e4 d6 6.Bb5+ Nbd7 7.a4 O-O 8.O-O a6
9.Be2 Rb8 10.Re1 Ne8 11.Bf4 Nc7 12.a5 b5 13.axb6 Nxb6 14.Qd2 Bg4 15.Bh6 Bxf3
16.Bxg7 Kxg7 17.gxf3 e6 18.b3 exd5 19.exd5 Re8 20.Ne4 f5 21.Ng5 Qf6 22.Ne6+
Nxe6 23.dxe6 Rxe6 24.Rxa6 Rb7 25.f4 Nc8 26.Rd1 Ree7 27.Ra8 Nb6 28.Ra5 Nc8
29.Ba6 Rbc7 30.Bxc8 Rxc8 31.Qxd6 Qxd6 32.Rxd6 c4 33.b4 c3 34.b5 Rc4 35.Kf1
Rxf4 36.b6 Re3 37.b7 Ref3 38.Kg1 Rg4+ 39.Kf1 Rgf4 40.Ra1 Rb4 41.Rd7+ Kf6
42.Ra4 {#r} 1-0

[Event "6th Llucmajor Open 2017"]
[Site "Llucmajor ESP"]
[Date "2017.05.17"]
[Round "5.2"]
[White "Fedorchuk,S"]
[Black "Arizmendi Martinez,J"]
[Result "1-0"]
[WhiteElo "2621"]
[BlackElo "2500"]

1.e4 c5 2.Nf3 e6 3.b3 a6 4.Bb2 Nc6 5.c4 Nf6 6.e5 Ng4 7.h3 Nh6 8.g4 d6 9.exd6
f6 10.d4 cxd4 11.Nxd4 Nxd4 12.Qxd4 Bxd6 13.Nc3 Qc7 14.Qe4 Nf7 15.O-O-O Be5
16.Kb1 Bd7 17.f4 Bxc3 18.Bxc3 Qc6 19.Bg2 Qxe4+ 20.Bxe4 O-O-O 21.Rhe1 Bc6
22.Rxd8+ Nxd8 23.Bc2 h6 24.a4 Rf8 25.Re2 Rf7 26.Kb2 b5 27.cxb5 axb5 28.a5 Kb7
29.b4 Bd5 30.Bd3 Ka6 31.Rd2 Nb7 32.f5 Nd6 33.fxe6 Bxe6 34.Re2 Bc4 35.Bxc4
Nxc4+ 36.Kc2 Rd7 37.Re6+ Ka7 38.Be1 Na3+ 39.Kc3 {#r} 1-0

[Event "6th Llucmajor Open 2017"]
[Site "Llucmajor ESP"]
[Date "2017.05.17"]
[Round "5.4"]
[White "Fridman,D"]
[Black "Pap,M"]
[Result "1-0"]
[WhiteElo "2605"]
[BlackElo "2480"]

1.d4 f5 2.g3 Nf6 3.Bg2 e6 4.Nf3 Be7 5.O-O O-O 6.c4 d6 7.Nc3 Ne4 8.Nxe4 fxe4
9.Nd2 d5 10.f3 Nc6 11.e3 exf3 12.Nxf3 b6 13.Bd2 Bf6 14.Qc2 Bb7 15.Rac1 a5
16.b3 Qd6 17.g4 g6 18.Be1 Qa3 19.h4 Rae8 20.c5 Nb4 21.Bxb4 Qxb4 22.Rf2 Be7
23.g5 bxc5 24.dxc5 Qg4 25.Qc3 e5 26.c6 Bb4 27.Nxe5 Qg3 28.Rxf8+ Rxf8 29.Qd4
Bd6 30.Ng4 h5 31.gxh6 Rf7 32.cxb7 {#r} 1-0

[Event "6th Llucmajor Open 2017"]
[Site "Llucmajor ESP"]
[Date "2017.05.17"]
[Round "5.5"]
[White "Postny,E"]
[Black "Moroni,L"]
[Result "1-0"]
[WhiteElo "2588"]
[BlackElo "2448"]

1.d4 Nf6 2.c4 e6 3.Nf3 Bb4+ 4.Nbd2 O-O 5.a3 Be7 6.g3 b6 7.Bg2 Bb7 8.O-O c5
9.dxc5 bxc5 10.b3 Qb6 11.Bb2 Rd8 12.Qc2 a5 13.Rfd1 h6 14.Rab1 d6 15.Ne1 Nbd7
16.Bxb7 Qxb7 17.Bc3 d5 18.e3 Nb6 19.cxd5 Nbxd5 20.Ba1 Qa6 21.a4 Nb4 22.Qc4 Qb7
23.Qe2 Nfd5 24.Nc4 Nc6 25.Nd3 Bf8 26.Qg4 Qe7 27.h4 Ra7 28.Nde5 Ncb4 29.Qe2
Raa8 30.e4 Nf6 31.Rxd8 Qxd8 32.Rd1 Qc7 33.g4 Rd8 34.Rxd8 Qxd8 35.Bc3 Qa8 36.f3
Be7 37.Qd2 Nxe4 38.fxe4 Qxe4 39.Qg2 Qf4 40.Bd2 Qd4+ 41.Qf2 f6 42.Qxd4 cxd4
43.Bxb4 {#r} 1-0

[Event "6th Llucmajor Open 2017"]
[Site "Llucmajor ESP"]
[Date "2017.05.17"]
[Round "5.6"]
[White "Zagorskis,D"]
[Black "Brunello,S"]
[Result "0-1"]
[WhiteElo "2440"]
[BlackElo "2565"]

1.c4 e5 2.Nc3 d6 3.Nf3 f5 4.d4 e4 5.Ng5 Nf6 6.g3 Be7 7.Bg2 O-O 8.Nh3 c6 9.d5
Na6 10.O-O Nc7 11.a4 a5 12.f3 exf3 13.exf3 Re8 14.Nf2 cxd5 15.cxd5 Nd7 16.Re1
Bf6 17.Be3 Na6 18.Rc1 Ndc5 19.Bf1 Bd7 20.Bb5 Rc8 21.Bxd7 Qxd7 22.b3 Nb4 23.Nb5
Re5 24.Bxc5 Rxd5 25.Nxd6 Rxd1 26.Rcxd1 Nc2 27.Nxc8 Qxc8 28.Re2 Qxc5 29.Rc1 Qc3
30.Rcxc2 Qxf3 31.Red2 Qxb3 32.Rc8+ Kf7 33.Rc7+ Kg6 34.Rdd7 b6 35.Nd3 Qxa4
36.Nf4+ Kh6 37.Nd5 Qd1+ {#R} 0-1

[Event "6th Llucmajor Open 2017"]
[Site "Llucmajor ESP"]
[Date "2017.05.17"]
[Round "5.7"]
[White "Gordon,S"]
[Black "Roeder,M"]
[Result "1-0"]
[WhiteElo "2510"]
[BlackElo "2397"]

1.c4 c5 2.Nf3 Nc6 3.d4 cxd4 4.Nxd4 g6 5.e4 Bg7 6.Nc2 Nf6 7.Nc3 O-O 8.Be2 d6
9.Bd2 Nd7 10.O-O a5 11.Be3 a4 12.Qd2 Nc5 13.f3 Qa5 14.Na3 Be6 15.Rac1 Rfc8
16.Rfd1 Qb4 17.Rc2 Qa5 18.Nab5 Na7 19.Na3 Nc6 20.Bf1 Nb4 21.Rcc1 Nc6 22.Kh1 h5
23.h3 Bf6 24.Nab5 Ne5 25.Nd5 Bxd5 26.Qxa5 Rxa5 27.cxd5 g5 28.Rc2 h4 29.Rdc1
Raa8 30.Bxc5 Rxc5 31.Rxc5 dxc5 32.Rxc5 Ng6 33.Rc2 Be5 34.Kg1 Bg3 35.Be2 Kg7
36.Kf1 Kf6 37.Bd1 Ra5 38.Na3 e6 39.Nc4 Ra6 40.Be2 Ra8 41.Nb6 Rd8 42.Bb5 a3
43.bxa3 Nf4 44.d6 Ng6 45.d7 Ke7 46.a4 Bb8 47.a5 Ne5 48.a4 f6 49.Rc8 Ba7 50.Rc7
Bxb6 51.axb6 {#r} 1-0

[Event "6th Llucmajor Open 2017"]
[Site "Llucmajor ESP"]
[Date "2017.05.17"]
[Round "5.8"]
[White "Mierins,Eriks"]
[Black "Romanov,E"]
[Result "0-1"]
[WhiteElo "2136"]
[BlackElo "2636"]

1.e4 e5 2.Nf3 Nc6 3.Bb5 a6 4.Ba4 Be7 5.O-O Nf6 6.Re1 b5 7.Bb3 d6 8.c3 O-O 9.h3
Na5 10.Bc2 c5 11.d4 Nd7 12.Nbd2 exd4 13.cxd4 Re8 14.b3 Nc6 15.d5 Nb4 16.Bb2
Bf6 17.Bxf6 Qxf6 18.a3 Qxa1 19.Qxa1 Nxc2 20.Qc3 Nxe1 21.Nxe1 Nf6 22.Qg3 c4
23.bxc4 bxc4 24.Qxd6 c3 25.Ndf3 Nxe4 26.Qc6 Bf5 27.d6 Rad8 28.g4 Bd7 29.Qxa6
Rc8 30.Nc2 Rc6 31.Qa5 Rxd6 32.Nfd4 h6 33.f3 Ng5 34.Qxc3 Nxh3+ 35.Kh2 Ng5
36.Kg3 Rf6 37.Qc7 Bc6 38.f4 Ne4+ 39.Kh2 Ba8 40.a4 Rg6 41.Ne3 Nf6 42.Ndf5 Nxg4+
43.Nxg4 Rxg4 44.a5 Kh7 45.Kh3 Rg6 46.Ne7 Re6 47.Nf5 Rf6 48.Ne7 Be4 49.f5 Bxf5+
50.Nxf5 Rxf5 51.a6 Re3+ 52.Kg2 Rg5+ 53.Kh2 Ra3 54.a7 Rga5 55.Qxf7 Rxa7 56.Qf5+
g6 57.Qc5 Ra2+ 58.Kg3 Rf7 59.Qd5 Raf2 60.Qe6 h5 {#R} 0-1

[Event "6th Llucmajor Open 2017"]
[Site "Llucmajor ESP"]
[Date "2017.05.17"]
[Round "5.9"]
[White "Carstensen,J"]
[Black "Forcen Esteban,D"]
[Result "0-1"]
[WhiteElo "2366"]
[BlackElo "2545"]

1.e4 c5 2.Nf3 Nc6 3.Bb5 e6 4.O-O Nge7 5.c3 a6 6.Ba4 b5 7.Bc2 d5 8.e5 Ng6 9.d4
Be7 10.a4 b4 11.h4 cxd4 12.cxd4 Nxh4 13.Nxh4 Bxh4 14.Be3 Be7 15.Nd2 Na5 16.Bd3
h5 17.Rc1 Bb7 18.b3 Qb6 19.Qf3 Rc8 20.Rxc8+ Bxc8 21.Rc1 Bb7 22.Qe2 g6 23.Bc2
Nc6 24.Nf3 Kd7 25.Bd3 Rc8 26.Qb2 Rc7 27.Rd1 Na5 28.Bd2 Kc8 29.Rc1 Nc6 30.Be3
Kb8 31.Rc2 Bc8 32.Qc1 Bd7 33.Kf1 Rc8 34.Qd2 Kb7 35.Qe2 Rg8 36.a5 Qa7 37.Ra2
Rc8 38.Qd2 Be8 39.Ne1 Ka8 40.Nc2 Qb7 41.Qe2 Ka7 42.Bd2 Bd7 43.Ke1 Rb8 44.Kd1
Bc8 45.Ra4 Qc7 46.Qe1 Bd7 47.Ra2 h4 48.Qe2 Bc8 49.Qf3 Nxa5 50.Qxf7 Nxb3 51.Be1
a5 52.Qxg6 Bd7 53.Qf7 Qd8 54.f4 Qe8 55.Qh7 Rb7 56.Bxh4 Bxh4 57.Qxh4 a4 58.Qe1
Qh5+ 59.Be2 Qg6 60.Qf2 Na5 61.Qe1 Nc4 62.Bxc4 dxc4 63.Kc1 c3 64.d5 exd5 65.e6
Be8 66.Qe3+ Ka8 67.Qe5 Qd3 68.Qe1 b3 {#R} 0-1

[Event "6th Llucmajor Open 2017"]
[Site "Llucmajor ESP"]
[Date "2017.05.17"]
[Round "5.12"]
[White "Milliet,S"]
[Black "Tratar,M"]
[Result "1-0"]
[WhiteElo "2347"]
[BlackElo "2460"]

1.e4 c6 2.d4 d5 3.e5 Bf5 4.Nf3 e6 5.Be2 Ne7 6.c3 Nd7 7.O-O h6 8.Nbd2 a6 9.b4
a5 10.Nb3 axb4 11.cxb4 Nc8 12.Bd2 Be7 13.a4 O-O 14.Nc5 Bxc5 15.dxc5 Ne7 16.Bc3
Ng6 17.Nd4 Ndxe5 18.f4 Nd7 19.Nxf5 exf5 20.Bd3 Ne7 21.Qh5 Re8 22.Rf3 Nf8
23.Bd4 Nfg6 24.a5 Qc7 25.Raf1 Rad8 26.h3 Nf8 27.g4 fxg4 28.hxg4 Neg6 29.Bxg7
Kxg7 30.f5 Qe5 31.fxg6 fxg6 32.Rf7+ Kg8 33.Rxf8+ {#r} 1-0

[Event "6th Llucmajor Open 2017"]
[Site "Llucmajor ESP"]
[Date "2017.05.17"]
[Round "5.13"]
[White "Alonso Garcia,R"]
[Black "Almagro Llamas,P"]
[Result "1-0"]
[WhiteElo "2346"]
[BlackElo "2456"]

1.d4 Nf6 2.Nf3 e6 3.c4 b6 4.a3 Bb7 5.Nc3 d5 6.cxd5 Nxd5 7.Qc2 Be7 8.Bd2 O-O
9.e4 Nxc3 10.Bxc3 Nd7 11.Rd1 Qc8 12.Bd3 Rd8 13.O-O c5 14.d5 exd5 15.exd5 Nf8
16.Rfe1 Qc7 17.Qe2 Bd6 18.g3 f6 19.Nh4 Qf7 20.Nf5 Bxd5 21.Qg4 Kh8 22.Bc4 Bxc4
23.Nxd6 Rxd6 24.Rxd6 Bb3 25.Qf3 Rc8 26.Rxf6 {#r} 1-0

[Event "6th Llucmajor Open 2017"]
[Site "Llucmajor ESP"]
[Date "2017.05.17"]
[Round "5.16"]
[White "Minzer,C"]
[Black "Galiana Fernandez,Adrian"]
[Result "0-1"]
[WhiteElo "2432"]
[BlackElo "2216"]

1.Nf3 Nf6 2.c4 b6 3.g3 Bb7 4.Bg2 g6 5.Nc3 Bg7 6.O-O O-O 7.Re1 c5 8.e4 Nc6 9.d3
d6 10.h3 Nd7 11.Bg5 h6 12.Be3 Nde5 13.Nh2 Nd4 14.Bxd4 cxd4 15.Ne2 Nd7 16.f4 a6
17.Nf3 b5 18.b3 e5 19.Rf1 bxc4 20.bxc4 Nc5 21.g4 Rb8 22.fxe5 dxe5 23.Qd2 Bc6
24.Rab1 Qc7 25.h4 Bd7 26.g5 h5 27.Kh2 Bc6 28.Ng3 Na4 29.Ne2 Nc5 30.Ng3 Rxb1
31.Rxb1 Rb8 32.Rf1 Na4 33.Rf2 Rb1 34.Ne2 Bf8 35.a3 Rb2 36.Qe1 Rb3 37.Nc1 Rxa3
38.Bh3 a5 39.Qg1 Ra1 40.Rf1 Nc3 41.Nd2 a4 42.Qf2 Bg7 43.Kh1 Be8 44.c5 Qxc5
45.Nc4 Rb1 46.Kh2 Rb8 47.Bd7 Qc7 48.Bxe8 Rxe8 49.Ne2 Nxe4 50.Qg2 Nc5 51.Qd5
Nxd3 52.Nd6 Re7 53.Ng3 Nf4 54.Qa8+ Kh7 55.Nde4 Qd7 56.Rf2 Qg4 57.Qd8 Rb7 {#R}
0-1

[Event "6th Llucmajor Open 2017"]
[Site "Llucmajor ESP"]
[Date "2017.05.18"]
[Round "6.1"]
[White "Postny,E"]
[Black "Fedorchuk,S"]
[Result "0-1"]
[WhiteElo "2588"]
[BlackElo "2621"]

1.d4 Nf6 2.c4 e6 3.Nf3 Bb4+ 4.Bd2 Bxd2+ 5.Qxd2 O-O 6.Nc3 d5 7.e3 Qe7 8.cxd5
exd5 9.Bd3 Nc6 10.h3 Rd8 11.a3 Ne4 12.Qc2 Bf5 13.O-O Rd6 14.Nd2 Re8 15.Bxe4
dxe4 16.Ne2 Qh4 17.Ng3 Bxh3 18.gxh3 Qxh3 19.Rfc1 h5 20.Qc5 Rg6 21.Nf1 Ree6
22.Rc2 h4 23.Qh5 Ref6 24.f3 Rxf3 25.Rg2 Ne7 26.Rc1 Nf5 27.Qxg6 fxg6 28.Nxe4
Rxf1+ 29.Rxf1 Nxe3 {#R} 0-1

[Event "6th Llucmajor Open 2017"]
[Site "Llucmajor ESP"]
[Date "2017.05.18"]
[Round "6.4"]
[White "Forcen Esteban,D"]
[Black "Kunin,V"]
[Result "0-1"]
[WhiteElo "2545"]
[BlackElo "2551"]

1.e4 d6 2.d4 Nf6 3.Nc3 e5 4.Nf3 Nbd7 5.Bc4 Be7 6.O-O O-O 7.a4 c6 8.h3 Qc7
9.Re1 h6 10.Be3 Re8 11.a5 exd4 12.Nxd4 Ne5 13.Bb3 Bf8 14.f4 Ned7 15.Qf3 Nc5
16.Bf2 Nxb3 17.Nxb3 Bd7 18.Bd4 Nh7 19.Qf2 Qb8 20.Rad1 c5 21.Bxc5 dxc5 22.Rxd7
c4 23.Nd2 Nf6 24.Rd4 Bc5 25.e5 Qd8 26.Rxd8 Bxf2+ 27.Kxf2 Raxd8 28.Re2 Nd5
29.Nxd5 Rxd5 30.Nxc4 Rd4 31.Nd6 Re7 32.a6 b6 33.Ke3 Rxd6 {#R} 0-1

[Event "6th Llucmajor Open 2017"]
[Site "Llucmajor ESP"]
[Date "2017.05.18"]
[Round "6.5"]
[White "Romanov,E"]
[Black "Raetsky,A"]
[Result "1-0"]
[WhiteElo "2636"]
[BlackElo "2378"]

1.c4 e5 2.Nc3 Nf6 3.Nf3 Nc6 4.g3 Bb4 5.Bg2 O-O 6.O-O e4 7.Ng5 Bxc3 8.bxc3 Re8
9.f3 e3 10.dxe3 b6 11.e4 h6 12.Nh3 Ba6 13.Nf2 Bxc4 14.f4 d5 15.e5 Nd7 16.Bxd5
Ndxe5 17.Bg2 Qxd1 18.Rxd1 Bxe2 19.fxe5 Nxe5 20.Bxa8 Bxd1 21.Bf4 Ba4 22.Bd5 c6
23.Bb3 Bb5 24.Ne4 Nf3+ 25.Kg2 Rxe4 26.Kxf3 Re7 27.c4 Ba6 28.c5 Bd3 29.Bd6 Re8
30.a4 g5 31.Ra2 Kg7 32.Rd2 Be4+ 33.Kf2 bxc5 34.Bxc5 Rb8 35.Bc4 Kg6 36.Rd6+
{#r} 1-0

[Event "6th Llucmajor Open 2017"]
[Site "Llucmajor ESP"]
[Date "2017.05.18"]
[Round "6.6"]
[White "Hera,I"]
[Black "Alonso Garcia,R"]
[Result "1-0"]
[WhiteElo "2618"]
[BlackElo "2346"]

1.c4 g6 2.Nc3 Bg7 3.g3 d6 4.Bg2 Nf6 5.e3 O-O 6.Nge2 e5 7.O-O c6 8.e4 a6 9.d3
b5 10.h3 Be6 11.b3 Qd7 12.Kh2 d5 13.exd5 cxd5 14.Bg5 bxc4 15.bxc4 Qd6 16.Bxf6
Bxf6 17.Nxd5 Bxd5 18.Bxd5 Ra7 19.Nc3 Bg7 20.Ne4 Qd8 21.Qb3 Kh8 22.Rac1 Nd7
23.Qa3 Nb6 24.Nc3 f5 25.Rfd1 Nxd5 26.cxd5 f4 27.Rc2 fxg3+ 28.fxg3 Raf7 29.Rg2
a5 30.d6 h5 31.Ne4 h4 32.g4 Rf3 33.Qc1 Qb6 34.Qg5 Qd4 35.Qxh4+ Kg8 36.Ng5 R8f6
37.Nxf3 Rxf3 38.Re2 Qxd6 39.Re4 Qd5 40.Rd2 Rxd3 41.Rde2 Rf3 42.g5 Rf1 43.Qg3
Kh7 44.Qb3 Qd7 45.Rh4+ {#r} 1-0

[Event "6th Llucmajor Open 2017"]
[Site "Llucmajor ESP"]
[Date "2017.05.18"]
[Round "6.7"]
[White "Vassallo Barroche,M"]
[Black "Rotstein,A"]
[Result "0-1"]
[WhiteElo "2378"]
[BlackElo "2489"]

1.d4 g6 2.e4 Bg7 3.Nf3 d6 4.Be2 Nd7 5.O-O c6 6.c4 Qc7 7.Nc3 Ngf6 8.Be3 O-O
9.Nd2 e5 10.d5 c5 11.g4 Ne8 12.Kh1 Kh8 13.Rg1 Ndf6 14.Rg2 Ng8 15.a3 Qe7 16.Bd3
Bh6 17.g5 Bg7 18.h4 f6 19.Rh2 fxg5 20.hxg5 Rf7 21.Qe2 Bf8 22.Rg1 Ng7 23.Nf3
Nh5 24.Nh4 Qe8 25.Qd1 Ne7 26.Ne2 Kg8 27.Qd2 Bg7 28.Nc3 a6 29.Be2 Nf4 30.Bg4 b5
31.Bxf4 Bxg4 32.Rxg4 exf4 33.Nf3 Nc8 34.Rxf4 Nb6 35.cxb5 Nc4 36.Qc1 Nxb2 {#R}
0-1

[Event "6th Llucmajor Open 2017"]
[Site "Llucmajor ESP"]
[Date "2017.05.18"]
[Round "6.10"]
[White "Arizmendi Martinez,J"]
[Black "Roeder,M"]
[Result "1-0"]
[WhiteElo "2500"]
[BlackElo "2397"]

1.e4 c5 2.c3 d5 3.exd5 Qxd5 4.d4 g6 5.Nf3 Bg7 6.Na3 cxd4 7.Bc4 Qe4+ 8.Be3 Nh6
9.cxd4 O-O 10.Nb5 Nc6 11.Nc3 Qg4 12.h3 Qd7 13.g4 Kh8 14.Qd2 Ng8 15.O-O-O Na5
16.Be2 Qd8 17.d5 b5 18.Bxb5 Bd7 19.Bd4 Nf6 20.Ba6 Qc7 21.Kb1 Bc8 22.Be2 Nc4
23.Bxc4 Qxc4 24.Rhe1 Bb7 25.Rxe7 {#r} 1-0

[Event "6th Llucmajor Open 2017"]
[Site "Llucmajor ESP"]
[Date "2017.05.18"]
[Round "6.11"]
[White "Sylvan,J"]
[Black "Movsziszian,K"]
[Result "1-0"]
[WhiteElo "2384"]
[BlackElo "2500"]

1.e4 d6 2.d4 Nf6 3.Nc3 g6 4.f4 Bg7 5.Nf3 O-O 6.Bd3 Nc6 7.O-O e5 8.fxe5 dxe5
9.d5 Nb4 10.Bc4 Ne8 11.a3 Nd6 12.Bb3 Na6 13.Qe1 Qe7 14.Bg5 f6 15.Be3 f5
16.exf5 gxf5 17.Bf2 Bd7 18.Nd4 Kh8 19.Ne6 Bxe6 20.dxe6 c6 21.Bh4 Qc7 22.Rd1
Nc5 23.e7 Rfe8 24.Qd2 Nxb3 25.cxb3 Nf7 26.Rxf5 Rxe7 27.Bxe7 Qxe7 28.Qd7 Qc5+
29.Kh1 Nh6 30.Rf3 Rg8 31.Ne4 Qc2 32.Qd3 {#r} 1-0

[Event "6th Llucmajor Open 2017"]
[Site "Llucmajor ESP"]
[Date "2017.05.18"]
[Round "6.12"]
[White "Panelo,M"]
[Black "Ubilava,E"]
[Result "0-1"]
[WhiteElo "2383"]
[BlackElo "2491"]

1.d4 d6 2.Nf3 g6 3.g3 Bg7 4.Bg2 Nf6 5.O-O O-O 6.a4 a5 7.c3 Nc6 8.Na3 Bd7 9.Re1
d5 10.Qb3 Ra6 11.Bf4 Rb6 12.Qc2 Nh5 13.Bd2 f5 14.Ng5 e6 15.Nh3 Ne7 16.e3 Ra6
17.Nf4 Nxf4 18.exf4 Nc8 19.c4 c6 20.Bf1 Ra8 21.Bc3 Nd6 22.f3 g5 23.fxg5 Qxg5
24.c5 Ne8 25.Bd3 h5 26.Qg2 h4 27.Nc2 Bh6 28.Re2 Qg7 29.Qh3 Kf7 30.Rae1 Bg5
31.Rg2 hxg3 32.Rxg3 Qh6 33.Qxh6 Bxh6 34.Rh3 Rh8 35.Kf1 Nf6 36.Re2 Bg7 37.Rxh8
Bxh8 38.Rg2 Nh5 39.Bd2 Bf6 40.Be3 Rb8 41.Ne1 b6 42.cxb6 Rxb6 43.Rc2 Rb4 44.Be2
Bxd4 45.Bxd4 Rxd4 46.b3 Nf4 47.Rc5 Rd2 48.Ba6 e5 49.Rxa5 e4 50.Rc5 e3 51.Rc2
Rd1 52.a5 d4 53.Be2 Ra1 54.Rc4 d3 55.Bxd3 Nxd3 {#R} 0-1

[Event "6th Llucmajor Open 2017"]
[Site "Llucmajor ESP"]
[Date "2017.05.18"]
[Round "6.14"]
[White "Romanishin,O"]
[Black "Serarols Mabras,Bernat"]
[Result "1-0"]
[WhiteElo "2454"]
[BlackElo "2287"]

1.Nf3 d5 2.g3 Bg4 3.Bg2 Nd7 4.c4 e6 5.Qb3 Nc5 6.Qc2 c6 7.d3 Nf6 8.O-O Be7
9.Nbd2 h6 10.b4 Ncd7 11.Rb1 O-O 12.a4 Bf5 13.Bb2 Bh7 14.Bc3 Re8 15.Qb2 Bd6
16.Ne5 Nxe5 17.Bxe5 Bxe5 18.Qxe5 Qb8 19.Qxb8 Raxb8 20.b5 e5 21.cxd5 cxd5 22.b6
axb6 23.Rxb6 e4 24.dxe4 Nxe4 25.Nxe4 Bxe4 26.e3 Bxg2 27.Kxg2 Re4 28.Ra1 Rc4
29.a5 Rc6 30.Rb5 Rd6 31.Rd1 g5 32.Rd4 Ra6 33.Rdxd5 Rba8 34.g4 R8a7 35.Kg3 Kg7
36.h4 gxh4+ 37.Kxh4 Rc6 38.Kg3 b6 39.Rxb6 Rxa5 40.Rxc6 Rxd5 41.f4 Rd1 42.Kf3
Ra1 43.Ke4 Ra4+ 44.Ke5 Ra5+ 45.Kd4 Ra1 46.Ke4 Ra4+ 47.Kf3 Ra1 48.Rc5 Ra4
49.Rd5 Rb4 50.Rd4 Rb5 51.Ke4 Ra5 52.Rd5 Ra3 53.Re5 Ra6 54.Rd5 Ra3 55.Kd4 Rb3
56.Ra5 Kg6 57.Ra6+ Kg7 58.Ke4 Rb5 59.Rd6 Ra5 60.Rd3 Rb5 61.f5 Ra5 62.Kf4 Ra4+
63.Rd4 Ra1 64.e4 f6 65.Rd7+ Kg8 66.Re7 Rf1+ 67.Ke3 Re1+ 68.Kd4 Rd1+ 69.Kc5 Rd2
70.Re6 Kg7 71.Rd6 Rg2 72.e5 fxe5 73.Rg6+ Kh7 74.Kd5 Ra2 75.Rc6 e4 76.Rc7+ Kg8
77.Kxe4 Ra4+ 78.Kf3 Ra3+ 79.Kf4 Ra4+ 80.Kg3 Ra1 81.Rc4 Rf1 82.Kg2 Ra1 83.Kf3
Kg7 84.Kf4 Ra5 85.Rc7+ Kg8 86.f6 Rb5 87.Rg7+ Kf8 88.Rh7 Kg8 89.Rxh6 Kf7 90.g5
Rb4+ 91.Kf5 Rb5+ 92.Ke4 {#r} 1-0

[Event "6th Llucmajor Open 2017"]
[Site "Llucmajor ESP"]
[Date "2017.05.19"]
[Round "7.1"]
[White "Fedorchuk,S"]
[Black "Kunin,V"]
[Result "1-0"]
[WhiteElo "2621"]
[BlackElo "2551"]

1.e4 d6 2.d4 Nf6 3.Nc3 e5 4.Nf3 Nbd7 5.Bc4 Be7 6.a4 O-O 7.O-O c6 8.Re1 a5 9.h3
Nb6 10.Bf1 exd4 11.Nxd4 d5 12.e5 Ne8 13.Nce2 g6 14.Bh6 Ng7 15.Nf3 Re8 16.Ned4
Ne6 17.Qd2 Nd7 18.Nxe6 fxe6 19.Nh2 Bf8 20.Ng4 Bxh6 21.Qxh6 Qe7 22.Ra3 Rf8
23.Rg3 b6 24.h4 Bb7 25.Bd3 Qg7 26.Qg5 Ba6 27.Bxa6 Rxa6 28.h5 Kh8 29.hxg6 Qxg6
30.Qh4 Qe8 31.Ree3 Ra8 32.Nh6 Nc5 33.Ref3 Rxf3 34.gxf3 Nd7 35.Qf4 {#r} 1-0